<?xml version="1.0" encoding="UTF-8"?><?xml-stylesheet type="text/xsl" href="static/style.xsl"?><OAI-PMH xmlns="http://www.openarchives.org/OAI/2.0/" xmlns:xsi="http://www.w3.org/2001/XMLSchema-instance" xsi:schemaLocation="http://www.openarchives.org/OAI/2.0/ http://www.openarchives.org/OAI/2.0/OAI-PMH.xsd"><responseDate>2026-06-01T04:35:29Z</responseDate><request verb="GetRecord" identifier="oai:riuma.uma.es:10630/37887" metadataPrefix="marc">https://riuma.uma.es/rest/oai/request</request><GetRecord><record><header><identifier>oai:riuma.uma.es:10630/37887</identifier><datestamp>2026-02-03T10:48:53Z</datestamp><setSpec>com_10630_2254</setSpec><setSpec>col_10630_37953</setSpec></header><metadata><record xmlns="http://www.loc.gov/MARC21/slim" xmlns:dcterms="http://purl.org/dc/terms/" xmlns:doc="http://www.lyncode.com/xoai" xmlns:xsi="http://www.w3.org/2001/XMLSchema-instance" xsi:schemaLocation="http://www.loc.gov/MARC21/slim http://www.loc.gov/standards/marcxml/schema/MARC21slim.xsd">
   <leader>00925njm 22002777a 4500</leader>
   <datafield ind2=" " ind1=" " tag="042">
      <subfield code="a">dc</subfield>
   </datafield>
   <datafield ind2=" " ind1=" " tag="720">
      <subfield code="a">Cuesta-Vargas, Antonio</subfield>
      <subfield code="e">author</subfield>
   </datafield>
   <datafield ind2=" " ind1=" " tag="720">
      <subfield code="a">González-Sánchez, Manuel</subfield>
      <subfield code="e">author</subfield>
   </datafield>
   <datafield ind2=" " ind1=" " tag="260">
      <subfield code="c">2013</subfield>
   </datafield>
   <datafield ind2=" " ind1=" " tag="520">
      <subfield code="a">The aim of this study is to analyse the differences in muscle activity between subjects who have intellectual disability and healthy subjects when they make the transition from sitting to standing positions. A cross-sectional study. A group of adults was divided into two subgroups: with and without intellectual disability (ID). The means of the basic features in both groups were 22.13 and 22.83 for age, 66.38 and 67.67 for weight, and 173.38 and 174.33 for height, for the ID (n = 8) and without ID (n = 7) groups, respectively. Each subject performed three sets of five repetitions during which, starting from sitting, they had to get up and sit on the chair. The recording of muscle activity was performed using surface electromyography taking the measures of muscle activity of different muscles of the lower limbs. The results showed differences in the pattern of muscle activity between groups during sitting to standing movement.</subfield>
   </datafield>
   <datafield ind1="8" ind2=" " tag="024">
      <subfield code="a">Cuesta-Vargas AI, González-Sánchez M. Differences in muscle activation patterns during sit to stand task among subjects with and without intellectual disability. Biomed Res Int. 2013;2013:173148. doi: 10.1155/2013/173148. Epub 2013 Oct 7. PMID: 24222896; PMCID: PMC3814065.</subfield>
   </datafield>
   <datafield ind1="8" ind2=" " tag="024">
      <subfield code="a">https://hdl.handle.net/10630/37887</subfield>
   </datafield>
   <datafield ind1="8" ind2=" " tag="024">
      <subfield code="a">10.1155/2013/173148</subfield>
   </datafield>
   <datafield tag="653" ind2=" " ind1=" ">
      <subfield code="a">Ejercicio físico para personas con discapacidad</subfield>
   </datafield>
   <datafield ind2="0" ind1="0" tag="245">
      <subfield code="a">Differences in muscle activation patterns during sit to stand task among subjects with and without intellectual disability.</subfield>
   </datafield>
</record>
</metadata></record></GetRecord></OAI-PMH>